Nicanor Parra y la poesía de lo cotidiano

Salvato in:
Dettagli Bibliografici
Autore principale: Montes, Hugo
Natura: Libro
Lingua:Undetermined
Pubblicazione: Santiago, Chile Del Pacífico 1974
Edizione:2
Soggetti:
Tags: Aggiungi Tag
Nessun Tag, puoi essere il primo ad aggiungerne!!

MARC

LEADER 00000nam a2200000Ia 4500
008 170316s9999 xx 000 0 und d
040 |a cru BVZT 
090 |a 860 M-33n 
100 |a Montes, Hugo 
245 |a Nicanor Parra y la poesía de lo cotidiano 
250 |a 2 
260 |a Santiago, Chile 
260 |b Del Pacífico 
260 |c 1974 
300 |a 148 páginas 
650 |a LITERATURA LATINOAMERICANA 
999 |c 8950  |d 8950 
942 |c 15 D  |h 860 M-33n  |2 z